उत्तर मुगलकालीन भारत - 1707-1740 (Record no. 1011772)

MARC details
000 -LEADER
fixed length control field 00888nam a2200253Ia 4500
003 - CONTROL NUMBER IDENTIFIER
control field OSt
005 - DATE AND TIME OF LATEST TRANSACTION
control field 20221005104124.0
008 - FIXED-LENGTH DATA ELEMENTS--GENERAL INFORMATION
fixed length control field 221004b |||||||| |||| 00| 0 hin d
037 ## - SOURCE OF ACQUISITION
Terms of availability Textual
040 ## - CATALOGING SOURCE
Original cataloging agency CRL
Transcribing agency CRL
Language of cataloging hin
041 ## - LANGUAGE CODE
Source of code hin
Language code of text/sound track or separate title hin
100 ## - MAIN ENTRY--PERSONAL NAME
Personal name चन्द्र, सतीश
245 #0 - TITLE STATEMENT
Title उत्तर मुगलकालीन भारत - 1707-1740
246 ## - VARYING FORM OF TITLE
Title proper/short title Uttar mugalakālīn bhārat - 1707-1740
260 ## - PUBLICATION, DISTRIBUTION, ETC.
Place of publication, distribution, etc. दिल्ली
Name of publisher, distributor, etc. दि मैकमिलन कंपनी ऑफ इंडिया लिमिटेड भारत
Date of publication, distribution, etc. 1980
300 ## - PHYSICAL DESCRIPTION
Extent 243पृ.
Dimensions cm.
650 ## - SUBJECT ADDED ENTRY--TOPICAL TERM
Topical term or geographic name entry element भारत-इतिहास
9 (RLIN) 156353
942 ## - ADDED ENTRY ELEMENTS (KOHA)
Classification part V2'L40, 152M0
Koha item type Textual
Source of classification or shelving scheme
Holdings
Withdrawn status Lost status Damaged status Not for loan Home library Current library Date acquired Total Checkouts Full call number Barcode Date last seen Price effective from Koha item type
        Central Library Central Library 2022-10-05   V2'L40 152M0 BL0779599 Bra 2022-10-05 2022-10-05 Textual
Copyright @ Delhi University Library System